Reklama aká bola a aká bude

Reklama je jedným zo spôsobov ako lepšie organizovať predaj svojich výrobkov alebo služieb. Od nej závisí vo veľkej miere úspešnosť činnosti každého podnikania alebo rozšírenia činnosti, ktorými sa zaoberá ten alebo iný subjekt trhu. V príspevku je uvedený príklad rozvoja reklamy v Ruskej federácií....

Ausführliche Beschreibung

Gespeichert in:
Bibliographische Detailangaben
1. Verfasser: Kultan, Jaroslav, 1960-
Weitere Verfasser: Saginova, Oľga Vitalievna
Format: Buchkapitel
Sprache:Slowakisch
Schlagworte:
Tags: Tag hinzufügen
Keine Tags, Fügen Sie das erste Tag hinzu!

MARC

LEADER 00000nla$a2200000$$$4500
001 0147243
005 20240502072647.6
041 0 |a slo 
044 |a SK 
245 1 0 |a Reklama aká bola a aká bude  |c Jaroslav Kultan, Oľga Saginova Vitalievna 
520 |a Reklama je jedným zo spôsobov ako lepšie organizovať predaj svojich výrobkov alebo služieb. Od nej závisí vo veľkej miere úspešnosť činnosti každého podnikania alebo rozšírenia činnosti, ktorými sa zaoberá ten alebo iný subjekt trhu. V príspevku je uvedený príklad rozvoja reklamy v Ruskej federácií. Elektronická reklama. 
610 2 0 |a reklama 
610 2 0 |a tvorba reklamy 
610 2 0 |a história 
610 2 0 |a technológie informačné 
610 2 0 |a internet 
610 2 0 |a Rusko 
100 1 |a Kultan, Jaroslav, 1960- 
700 1 |a Saginova, Oľga Vitalievna